000
00319nam a2200133Ia 4500
008
221030s9999 xx 000 0 und d
041
_a
English
100
_a
R. L. Boylestad
245
0
_a
Electronic Devices & Circuit Theory
_c
by R. L. Boylestad
250
_a
JAN 2016
260
_c
2016
650
_a
B
942
_c
BK
999
_c
16041
_d
16041